000 00564nmm a2200193Ia 4500
008 251105s9999||||xx |||||||||||||||||und||
020 _a9788490656129
041 _aspa
100 _aHagen, Uta
245 0 _aRespeto por la interpretación
264 _a[Madrid, España] :
_bAlba Editorial,
_c[Fecha de publicación no identificada]
300 _a264 páginas
490 _aArtes escénicas
650 _aTheater / Drama
700 _aHagen, Uta
700 1 _a Martín Schifino
856 _uhttps://public.digitaliapublishing.com/a/80272
942 _cCF
999 _c66671
_d66671